00578nam a2200169Ia 4500008004100000020001500041041000800056082001600064100002300080245007500103250000600178260003900184300000800223650002200231999001900253952013600272210716s2006 xx 000 0 und d a8177588206 aeng a004.65 SUBM aSubramanian, Mani. aNetwork management: principles and practice.bPrinciples and practice. a1 aNew DelhibPearson Educationc2006 a662 aComputer Networks c187597d187597 001040708MCAaAIMITbAIMITeHigginbothams Pvt Ltdg399.00l0o004.65 SUBMpMCA07105r2025-07-21 00:00:00v319.20w2021-07-16yBK